000
00333 a2200157 4500
001
61998
020
_a
9788588483422
040
_c
Anchieta - Pituba
100
_a
Armond, Edgard
240
1
0
_a
Na cortina do tempo
_l
por
245
1
0
_a
Na cortina do tempo
300
_a
128
362
0
_a
2009
650
4
_a
Espiritismo
942
_c
BK
999
_c
61998
_d
61998